000 00883nam a2200265Ia 4500
005 20220317000729.0
008 160601s2003 ck g 000 0 spa
020 _a9589726100
082 0 4 _a323.01861
_bZ84c
100 1 _aZuleta, Estanislao
_d1934-1990
245 1 0 _aColombia
_bviolencia, democracia y derechos humanos
_cEstanislao Zuleta
250 _a3a. edición
300 _a210 páginas
_c22 cm
504 _aIncluye bibliografías
650 1 4 _2LEMB
_aDemocracia
_zColombia
650 1 4 _2LEMB
_aDerechos humanos
_zColombia
650 1 4 _2LEMB
_aSociología política
_zColombia
650 1 4 _2LEMB
_aViolencia política
_zColombia
942 _2ddc
_cBK
264 _aMedellín
_bHombre Nuevo
_c2003
336 _atexto
_btxt
_2rdacontent
337 _asin mediación
_bn
_2rdamedia
338 _avolumen
_bnc
_2rdacarrier
040 _aCO-BoRNBP
_bspa
_erda
_cCO-BoRNBP
999 _c4893
_d4893